| 000 | 00533nam a2200193Ia 4500 | ||
|---|---|---|---|
| 001 | 71579 | ||
| 008 | 160401s9999 xx 000 0 und d | ||
| 020 | _a9781462516988 | ||
| 040 | _cPK-LaUMT | ||
| 082 |
_a 616.85227 _bCOG- |
||
| 100 | _aEgan. Saraj J. | ||
| 245 |
_aCognitive-behavioral treatment of perfectionism _cEgan. Saraj J.|[et al, ] |
||
| 260 |
_aNew York,USA: _bThe Guilford Press, _c2014 |
||
| 300 | _a402 p. | ||
| 546 | _aEN | ||
| 650 | _aObsessive compulsive disorder-therapy | ||
| 700 | _a[et al, ] | ||
| 942 | _cBK | ||
| 999 |
_c84586 _d84586 |
||